Statistics for U.S. States With The Most McDonald's

Click here to take the quiz!

General Stats

  • This quiz has been taken 64 times
  • The average score is 8 of 10

Answer Stats

Number Of LocationsState% Correct
1,492California
98%
767New York
95%
1,224Texas
95%
986Florida
91%
511Georgia
87%
823Ohio
87%
738Illinois
84%
583Pennsylvania
76%
475North Carolina
69%
631Michigan
64%

Score Distribution

Percentile by Number Answered

Percent of People with Each Score

Your Score History

You have not taken this quiz